书目信息 |
| 题名: |
SWING HACKSTM——100个业界最尖端的技巧和工具
|
|
| 作者: | 马里纳奇 , 亚当森 著 ;徐晔 译 | |
| 分册: | ||
| 出版信息: | 北京 清华大学出版社 2007 |
|
| 页数: | 535页 | |
| 开本: | 23cm | |
| 丛书名: | ||
| 单 册: | ||
| 中图分类: | TP312 , TN312 | |
| 科图分类: | ||
| 主题词: | JAVA语言--程序设计 , JAVA语言 , 程序设计 , 半导体二极管 | |
| 电子资源: | ||
| ISBN: | 978-7-302-14334-5 | |
| 000 | 01228nam0 2200337 450 | |
| 000 | 01188nam0 2200313 450 | |
| 000 | 01120nam0 2200289 450 | |
| 000 | 01084oam2 2200277 45 | |
| 005 | 20070602100617.14 | |
| 010 | @a978-7-302-14334-5@dCNY66.00 | |
| 100 | @a20070521d2007 em y0chiy0120 ea | |
| 101 | 1 | @achi@ceng |
| 102 | @aCN@b110000 | |
| 105 | @ay z 000yy | |
| 200 | 1 | @aSWING HACKSTM——100个业界最尖端的技巧和工具@ASWING HACKSTM——100 Ge Ye Jie Zui Jian Duan De Ji Qiao He Gong Ju@fJashua Marinacci,Chris Adamson著@FJashua Marinacci,Chris Adamson Zhu@g徐晔译 |
| 210 | @a北京@c清华大学出版社@d2007 | |
| 215 | @a535页@d23cm | |
| 304 | @a题名中“TM”为右下角标 | |
| 305 | @aO'Reily Media, Inc.授权出版 | |
| 330 | @a本书共12章,内容包括:基本JComponent、列表和组合框、表格和树、文件选择器、对话框和窗框、透明窗口和动画窗口等。 | |
| 606 | 0 | @aJAVA语言@x程序设计 |
| 606 | 0 | @aJAVA语言 |
| 606 | 0 | @a程序设计 |
| 606 | 0 | @a半导体二极管 |
| 690 | @aTP312@v4 | |
| 690 | @aTN312@v3 | |
| 701 | 1 | @a马里纳奇@AMa Li Na Qi@g(Marinacci, Jashua)@4著 |
| 701 | 1 | @a亚当森@AYa Dang Sen@g(Adamson, Chris)@4著 |
| 702 | 0 | @a徐晔@AXu Ye@c(翻译)@4译 |
| 801 | 0 | @aCN@bTAOJIN@c20070602 |
| 905 | @a10447@dTN312@e29 | |
| SWING HACKSTM——100个业界最尖端的技巧和工具/Jashua Marinacci,Chris Adamson著/徐晔译.-北京:清华大学出版社,2007 |
| 535页;23cm |
| ISBN 978-7-302-14334-5:CNY66.00 |
| 本书共12章,内容包括:基本JComponent、列表和组合框、表格和树、文件选择器、对话框和窗框、透明窗口和动画窗口等。 |
| ● |
| 相关链接 |
|
|
|
|
正题名:SWING HACKSTM——100个业界最尖端的技巧和工具
索取号:TN312/29
 
预约/预借
| 序号 | 登录号 | 条形码 | 馆藏地/架位号 | 状态 | 备注 |
| 1 | 0524451 | 205244519 | 第二样本阅览室/ [索取号:TN312/29] | 在馆 | |
| 2 | 0524452 | 205244528 | 第三借阅区/ [索取号:TN312/29] | 在馆 | |
| 3 | 0524453 | 205244537 | 第三借阅区/ [索取号:TN312/29] | 在馆 | |
| 4 | 0524454 | 205244546 | 第三借阅区/ [索取号:TN312/29] | 在馆 | |
| 5 | 0524455 | 205244555 | 第三借阅区/ [索取号:TN312/29] | 在馆 | |
| 6 | 0524456 | 205244564 | 第三借阅区/ [索取号:TN312/29] | 在馆 | |
| 7 | 0524457 | 205244573 | 第三借阅区/ [索取号:TN312/29] | 在馆 | |
| 8 | 0524458 | 205244582 | 第三借阅区/ [索取号:TN312/29] | 在馆 |